|
|
|
|
| LEADER |
00000nam0a2200000 4500 |
| 001 |
311901 |
| 005 |
20231102002430.0 |
| 035 |
|
|
|a (RuTPU)RU\TPU\book\337267
|
| 090 |
|
|
|a 311901
|
| 100 |
|
|
|a 20151214d1982 km y0rusy50 ca
|
| 101 |
0 |
|
|a rus
|
| 102 |
|
|
|a RU
|
| 105 |
|
|
|a y g 000zy
|
| 200 |
1 |
|
|a Противопожарная безопасность и защита на предприятиях нефтяной промышленности
|e справочник
|f В. И. Хоботько, Р. Я. Эстрин, М. М. Сулейманов
|
| 210 |
|
|
|a Москва
|c Недра
|d 1982
|
| 215 |
|
|
|a 284 с.
|
| 606 |
1 |
|
|a Нефтяные предприятия
|x Пожарная охрана
|x Пожарная профилактика
|2 stltpush
|3 (RuTPU)RU\TPU\subj\46017
|9 65205
|
| 610 |
1 |
|
|a противопожарная безопасность
|
| 610 |
1 |
|
|a пожарная охрана
|
| 610 |
1 |
|
|a пожарный надзор
|
| 610 |
1 |
|
|a требования
|
| 610 |
1 |
|
|a СНиПы
|
| 610 |
1 |
|
|a правила
|
| 610 |
1 |
|
|a огневые работы
|
| 610 |
1 |
|
|a справочники
|
| 675 |
|
|
|a 622.822.3(035)
|v 4
|
| 700 |
|
1 |
|a Хоботько
|b В. И.
|g Виктор Иосифович
|
| 701 |
|
1 |
|a Эстрин
|b Р. Я.
|g Рахиль Яковлевна
|
| 701 |
|
1 |
|a Сулейманов
|b М. М.
|g Мухтар Муталибович
|
| 801 |
|
1 |
|a RU
|b 63413507
|c 20151214
|
| 801 |
|
2 |
|a RU
|b 63413507
|c 20190927
|g RCR
|
| 942 |
|
|
|c BK
|